Города по Буквам — В - Statistics

General Stats
  • This quiz has been taken 365 times
  • The average score is 10 of 15
Answer Stats
Подсказка Город % Correct
Столица Литвы Вильнюс
92%
Резиденция Папы Римского Ватикан
91%
Город-герой на Волге, в котором проходило самое кровавое сражение Второй Мировой Волгоград
90%
Место расположения Капитолия и Белого дома Вашингтон
85%
Эту столицу полностью разрушили во время Второй Мировой войны Варшава
84%
Место, где вместо улиц — каналы, а вместо машин — гондолы Венеция
84%
Древний русский город, тёзка Нижнего Великий Новгород
69%
Канадский город, принимавший зимнюю Олимпиаду 2010 года Ванкувер
68%
Самый окающий город России со знаменитым маслом и кружевам Вологда
62%
Крупный город в Испании в одноимённом сообществе Валенсия
56%
Город, в котором проходило действие "Ромео и Джульетты" Верона
51%
Рссийский город, ранее принадлежавший Финляндии Выборг
51%
Самая южная столица мира Веллингтон
51%
Крупный черноморский курорт и порт Болгарии Варна
45%
Город недалеко от Парижа, известный одноименным роскошным дворцовым комплексом Версаль
45%
No matching quizzes found
Score Distribution
Percent of People with Each Score
Percentile by Number Answered
Your Score History
You have not taken this quiz